Counseling and psychotherapy: Theory and practice (Record no. 394797)

MARC details
000 -LEADER
fixed length control field 00510 a2200193 4500
005 - DATE & TIME
control field 20260205142419.0
008 - FIXED-LENGTH DATA ELEMENTS--GENERAL INFORMATION
fixed length control field 260205b |||||||| |||| 00| 0 eng d
020 ## - ISBN
International Standard Book Number 9781641724982
Price $ 155.00
040 ## - CATALOGING SOURCE
Original cataloging agency VIVEKANANDA LIBRARY
082 ## - DDC NUMBER
Classification number 158.3
Book Number M451C
100 ## - MAIN ENTRY--PERSONAL NAME
Personal name Maximilian, Korey
245 ## - TITLE STATEMENT
Title Counseling and psychotherapy: Theory and practice
260 ## - PUBLICATION, DISTRIBUTION, ETC. (IMPRINT)
Name of publisher, distributor, etc Larsen and Keller
Date of publication, distribution, etc 2020
Place of publication, distribution, etc New York
300 ## - PHYSICAL DESCRIPTION
Pages viii, 219
650 ## - Subject
Subject Psychology
650 ## - Subject
Subject Counseling
650 ## - Subject
Subject Psythotherapy
942 ## - ADDED ENTRY ELEMENTS (KOHA)
Koha item type Books
Holdings
Withdrawn status Lost status Source of classification or shelving scheme Damaged status Not for loan Location (home branch) Sublocation or collection (holding branch) Shelving location Date acquired Koha issues (times borrowed) Koha full call number Accession No. Koha date last seen Koha item type
    Dewey Decimal Classification     VIVEKANANDA LIBRARY VIVEKANANDA LIBRARY Vivekananda Library 04/02/2026   158.3 M451C 444389 04/02/2026 Books
© Designed and Maintained by Vivekananda Library, MDU Rohtak